Talegali (Record no. 142189)

MARC details
000 -LEADER
fixed length control field 02588nam a2200217Ia 4500
003 - CONTROL NUMBER IDENTIFIER
control field OSt
005 - DATE AND TIME OF LATEST TRANSACTION
control field 20260212155555.0
008 - FIXED-LENGTH DATA ELEMENTS--GENERAL INFORMATION
fixed length control field 210210b2010 xxu||||| |||| 00| 0 eng d
040 ## - CATALOGING SOURCE
Transcribing agency AL
041 ## - LANGUAGE CODE
Language code of text/sound track or separate title Kannada
082 ## - DEWEY DECIMAL CLASSIFICATION NUMBER
Classification number K894.3 SHIT
100 ## - MAIN ENTRY--PERSONAL NAME
Personal name SHIGEHALLI (V T)
Dates associated with a name ಶೀಗೇಹಳ್ಳಿ ವಿ ತಿ
9 (RLIN) 254568
245 ## - TITLE STATEMENT
Title Talegali
Remainder of title ತಲೆಗಳಿ
260 ## - PUBLICATION, DISTRIBUTION, ETC.
Place of publication, distribution, etc. Sagara
Name of publisher, distributor, etc. Akshara Prakashana
Date of publication, distribution, etc. 2010
300 ## - PHYSICAL DESCRIPTION
Extent 448
520 ## - SUMMARY, ETC.
Summary, etc. ಕವಲುಕೊಪ್ಪದ ಸುಬ್ರಾಯ ಹೆಗಡೆ ಈ ಕಾದಂಬರಿಯ ಕೇಂದ್ರಬಿಂದು. ಪ್ರಾರಂಭದಲ್ಲಿ ಸುಸ್ಥಿತಿಯಲ್ಲಿ ಇದ್ದ ಅವನ ಕುಟುಂಬವು ದಾರಿದ್ರ್ಯಕ್ಕೆ ಜಾರುವ ಸನ್ನಿವೇಶಗಳ ಮೂಲಕ ಕಾದಂಬರಿ ಪ್ರಾರಂಭವಾಗುತ್ತದೆ. ಇಂದಿನಂತೆಯೇ ಬಿದ್ದವನ ಮೇಲೊಂದು ಗುದ್ದು ಎಂಬಂತೆ ಒಂದಷ್ಟು ಅವಮಾನ,ಅಪಮಾನಗಳನ್ನು ಅನುಭವಿಸುತ್ತಾನೆ. ಆದರೆ ಎಲ್ಲಿಯೂ ಸ್ಥಿತಪ್ರಜ್ಞತೆಯನ್ನು ಕಳೆದುಕೊಳ್ಳದೆ ಪಾಲಿಗೆ ಬಂದದ್ದು ಪಂಚಾಮೃತ ಎಂಬಂತೆ ಜೀವನವನ್ನು ಸಾಗಿಸುತ್ತಾನೆ. ಬೇರೆ ದಾರಿಯೇ ಕಾಣದಾದಾಗ ದೇವರ ಕೃಪೆಯಿಂದ ಅವನ ಗ್ರಹಗತಿ ಸುಧಾರಿಸಿ ನಿಧಾನಕ್ಕೆ ಮತ್ತೆ ಪ್ರವರ್ಧಮಾನಕ್ಕೆ ಬರುತ್ತಾನೆ. ಹೀಗೆ ಕಳೆದು ಹೋದ ಸ್ಥಿತಿವಂತಿಕೆ,ಗೌರವಾದರಗಳು ಮತ್ತೆ ಮರಳುತ್ತಿರುವ ಸಂದರ್ಭದಲ್ಲಿ ಆಕಸ್ಮಿಕವೊಂದು ಜರುಗಿ ಹೋಗುತ್ತದೆ. ಹೀಗೆಲ್ಲಾ ಏರಿಳಿತ ಕಂಡ ಅವನ ಮತ್ತು ಅವನ ಸುತ್ತಲಿನ ಜನರ ಬದುಕು ಬವಣೆಗಳು, ಅವನು ತೆಗೆದುಕೊಂಡ ಚಾಣಾಕ್ಷತನದಿಂದ ಕೂಡಿದ ದೃಢ ನಿರ್ಧಾರಗಳು, ಅಷ್ಟೆಲ್ಲಾ ಗಟ್ಟಿ ವ್ಯಕ್ತಿತ್ವದ ಸುಬ್ರಾಯ ಹೆಗಡೆ ಕಾಲಚಕ್ರದಲ್ಲಿ ಏನಾದ ಎಂಬುದೇ ಒಟ್ಟು ಕಾದಂಬರಿಯ ಸಾರಾಂಶ.
650 ## - SUBJECT ADDED ENTRY--TOPICAL TERM
Topical term or geographic name entry element Talegali
9 (RLIN) 254569
690 ## - LOCAL SUBJECT ADDED ENTRY--TOPICAL TERM (OCLC, RLIN)
Topical term or geographic name as entry element Kannada Fiction
9 (RLIN) 254570
906 ## - LOCAL DATA ELEMENT F, LDF (RLIN)
a 065217
942 ## - ADDED ENTRY ELEMENTS (KOHA)
Source of classification or shelving scheme Dewey Decimal Classification
Koha item type Book
Holdings
Withdrawn status Lost status Source of classification or shelving scheme Damaged status Not for loan Collection code Home library Current library Shelving location Date acquired Source of acquisition Cost, normal purchase price Total Checkouts Full call number Barcode Date last seen Price effective from Koha item type
    Dewey Decimal Classification     Kannada St Aloysius Library St Aloysius Library   02/17/2021 Athree Book Centre Balmatta, Mangalore-01 300.00   K894.3 SHIT 065217 02/17/2021 02/17/2021 Book